| 000 | 00507nam a22000977a 4500 | ||
|---|---|---|---|
| 999 |
_c58299 _d58299 |
||
| 008 | 211101s1986 ge ||||| |||| 00| 0 geo d | ||
| 080 | _a1Ф უ-28 | ||
| 100 |
_aუზნაძე, დიმიტრი _9746 |
||
| 245 |
_aფილოსოფიური შრომები : _bწიგნი მეორე / _cდიმიტრი უზნაძე. |
||
| 264 |
_aთბილისი : _bსახელმწიფო უნივერსიტეტის გამომცემლობა, _c1986. |
||